Les Anciennes Villes du Nouveau Monde (Record no. 4599)

MARC details
000 -CABECERA
campo de control de longitud fija 00959nam a2200265 a 4500
001 - NÚMERO DE CONTROL
campo de control BRCA_4905
005 - FECHA Y HORA DE LA ÚLTIMA TRANSACCIÓN
campo de control 20190320204843.0
008 - DATOS DE LONGITUD FIJA--INFORMACIÓN GENERAL
campo de control de longitud fija 201010s1885----fr-a######---#000-0#fre-#
041 ## - CÓDIGO DE LENGUA
Código de lengua del texto/banda sonora o título independiente fre
044 ## - CÓDIGO DEL PAÍS DE LA ENTIDAD EDITORA/PRODUCTORA
Código MARC del país fr
050 #4 - SIGNATURA TOPOGRÁFICA DE LA BIBLIOTECA DEL CONGRESO
Número de clasificación F1215
Número de documento/Ítem .Ch36 1
-- 1885
100 1# - ENTRADA PRINCIPAL--NOMBRE DE PERSONA
Nombre de persona Charnay, Desire
Fechas asociadas al nombre 1828-1915
9 (RLIN) 6275
245 10 - MENCIÓN DE TÍTULO
Título Les Anciennes Villes du Nouveau Monde
Resto del título Voyages d´explorations au Mexique et dans l´Amerique Centrale
Mención de responsabilidad, etc. par Desire Charnay.
260 ## - PUBLICACIÓN, DISTRIBUCIÓN, ETC.
Lugar de publicación, distribución, etc. París
Nombre del editor, distribuidor, etc. Hachette
Fecha de publicación, distribución, etc. 1885
300 ## - DESCRIPCIÓN FÍSICA
Extensión xii, 469 p.
Otras características físicas il., 214 láminas
Dimensiones 35 cm.
500 ## - NOTA GENERAL
Nota general Incluye índice de ilustraciones e índice de materias
500 ## - NOTA GENERAL
Nota general Se encuentra fuera de biblioteca, en una exposición en el Museo Estudio Diego Rivera
500 ## - NOTA GENERAL
Nota general Ejemplar igual a T65 (Caja Fuerte)
500 ## - NOTA GENERAL
Nota general CG13
650 14 - PUNTO DE ACCESO ADICIONAL DE MATERIA--TÉRMINO DE MATERIA
Término de materia o nombre geográfico como elemento de entrada Viajeros franceses
9 (RLIN) 7982
651 #4 - PUNTO DE ACCESO ADICIONAL DE MATERIA--NOMBRE GEOGRÁFICO
Nombre geográfico México
Subdivisión general Descripción y viajes
9 (RLIN) 103
651 #4 - PUNTO DE ACCESO ADICIONAL DE MATERIA--NOMBRE GEOGRÁFICO
Nombre geográfico América Central
Subdivisión general Descripción y viajes
9 (RLIN) 9701
902 ## - CATALOGADOR
Iniciales GFM
942 ## - ELEMENTOS DE PUNTO DE ACCESO ADICIONAL (KOHA)
Fuente del sistema de clasificación o colocación Library of Congress Classification
Tipo de ítem Koha Libros
Holdings
Estado de retiro Estado de pérdida Estado dañado No para préstamo Localización permanente Ubicación/localización actual Fecha de adquisición Número de inventario Total de préstamos Signatura topográfica completa Código de barras Fecha visto por última vez Precio válido a partir de Tipo de ítem Koha
El ejemplar forma parte de la colección y puede ser consultado según las políticas vigentes.       Biblioteca del Museo Franz Mayer (Rogerio Casas-Alatriste) Biblioteca del Museo Franz Mayer (Rogerio Casas-Alatriste) 20/10/2010 CG13   F1215 .Ch36 1 1885 (CG13) 4966 22/03/2019 22/03/2019 Libros